La mythologie grecque - Les noms en R - Statistiques

Statistiques générales
  • Ce quiz a été pris 272 fois
  • Le résultat moyen est 2 sur 7
Statistiques - réponses
Indice Réponse % Correct
Titanide, mère des Olympiens Rhéa
98%
L'un des trois juges des âmes aux Enfers Rhadamanthe
42%
Fille de Poséidon, qui donne son nom à une île de la Mer Égée Rhodos
23%
Reine de Thrace, changée en montagne pour s'être déclarée plus belle qu'Héra Rhodope
3%
Centaure tué par Atalante Rhœcos
3%
Troyenne qui, en compagnie des autres femmes, brûle les vaisseaux des fugitifs troyens en Italie Romè
3%
Allié des Troyens qui apporte des chevaux frais à Priam Rhésos
2%
Aucun quiz correspondant
Distribution des résultats
% des personnes avec chaque résultat
Percentile par nombre de réponses
Votre historique - résultats
Vous n’avez pas pris ce quiz